00265nam a22001097a 4500020001800000082001200018100002700030245004600057250000900103260003400112300000900146 a9788120343658 a808.066 aEdward Jay Friedlander aFeature writing the persuit of excellence a7th  aNew DelhibPHI learningc2011 a310p